000 01137nam a22002777a 4500
999 _c120417
_d120417
003 dpl
005 20190225135853.0
008 190225b ||||| |||| 00| 0 eng d
010 _aB-246663
020 _c300.00
_a8189076019
035 _aB-246663, B-246667
037 _bCen Lib/Ret
040 _aDPL
_bHN
_c0
082 _a820
_bकालीच
100 _aकालीचरण
_990321
245 _aहिन्दी साहित्य में दलित अस्मिता /
_cकालीचरण
246 _aHindi sahitye me dalit asmita /
_bby Kalicharan
260 _aकानपुर
_bआराधना ब्रदर्स
_c2006
270 _bकानपुर
_a124/152 सी-गोविन्द नगर
_e208006
300 _a200पृ.
_c20सेमी(सजिल्द)
650 _aदलित साहित्य
_990322
650 _aदलित चेतना -- हिन्दी काव्य
_990323
650 _aDalit literature
_990324
650 _aDalit consciousness - Hindi Poetry
_990325
942 _2ddc
_cHN
_h820
_mकालीच